000 00187 a2200097 4500
020 _a7509984213954
041 _aspa
100 _aLansky,Bruce
245 _aŁNinas al rescate!
942 _cBK
999 _c8224
_d8224